Ab excessu divi Augusti : liber 15 /

সংরক্ষণ করুন:
গ্রন্থ-পঞ্জীর বিবরন
প্রধান লেখক: Tacitus, Publius Cornelius
অন্যান্য লেখক: Dalmasso, Lorenzo
বিন্যাস: গ্রন্থ
ভাষা:ইতালিয়
লাতিন
প্রকাশিত: Milano Signorelli 1967
মালা:Scrittori latini
ট্যাগগুলো: ট্যাগ যুক্ত করুন
কোনো ট্যাগ নেই, প্রথমজন হিসাবে ট্যাগ করুন!

MARC

LEADER 00000nam a22000007i 4500
001 CDOM0000004628
003 mi
005 20251017105548.0
008 010213s1957 it |||||| ||||| |||||c
040 |c mi 
041 |a ita  |a lat 
100 |a Tacitus, Publius Cornelius 
245 1 |a Ab excessu divi Augusti :  |b liber 15 /  |c Publius Cornelius Tacitus ; introduzione e commento di Lorenzo Dalmasso 
260 |a Milano  |b Signorelli  |c 1967 
300 |a 107 p. ;  |c 19 cm. 
500 |a Testo in latino annotato 
700 |a Dalmasso, Lorenzo 
830 |a Scrittori latini 
942 |2 ddc  |c BK 
952 |0 0  |1 0  |2 ddc  |4 0  |6 B_LCL01TACCOABE11  |7 0  |9 7457  |a MI  |b MI  |d 2010-12-29  |i 6055  |l 0  |o B-LCL01-TACCO-ABE11  |p CDOM6055  |r 2025-07-13 16:28:00  |w 2025-07-13  |x DONO  |y BK 
999 |c 6155  |d 6155